|
|
|
|
| LEADER |
00000ny a22000003n 4500 |
| 005 |
20110621105255.0 |
| 008 |
030206s2004 sp 000 0 spa c |
| 020 |
|
|
|a 9788495748225
|
| 035 |
|
|
|a 400
|
| 040 |
|
|
|a UCN
|d vLex
|
| 090 |
|
|
|c 912
|d 912
|
| 100 |
1 |
|
|a Marcos Cardona, Marta
|
| 245 |
1 |
3 |
|a La comprobacin̤ de valores de inmuebles
|h [Recurso electrn̤ico]
|b soluciones aportadas por las CCAA /
|c Marta Marcos Cardona
|
| 256 |
|
|
|a Servicio en ln̕ea
|
| 260 |
|
|
|a Madrid :
|b Dijusa,
|c 2004
|
| 300 |
|
|
|a p. ;
|c cm
|
| 506 |
1 |
|
|a Contenido solo disponible en los productos indicados
|d vLex Global
|d vLex Global (Academic Edition, excluding Law Schools)
|d vLex Global (U.S. Academic Edition, Law Schools)
|d vLex Global (U.S. Academic Edition, excluding Law Schools)
|d vLex Global (Academic Edition, Law Schools)
|
| 650 |
0 |
7 |
|a Bien inmueble
|2 Tesauro vLex
|
| 650 |
0 |
7 |
|2 Tesauro vLex
|a Civil
|
| 650 |
0 |
7 |
|2 Tesauro vLex
|a Comprobacin̤ de valores
|
| 740 |
0 |
|
|a vLex Libros (Servicios en ln̕ea)
|
| 856 |
4 |
0 |
|z Acceso restringido
|u http://vlex.com/source/400
|
| 942 |
|
|
|c BOOK
|